<?xml version="1.0" encoding="UTF-8"?>
<record
    xmlns:xsi="http://www.w3.org/2001/XMLSchema-instance"
    xsi:schemaLocation="http://www.loc.gov/MARC21/slim http://www.loc.gov/standards/marcxml/schema/MARC21slim.xsd"
    xmlns="http://www.loc.gov/MARC21/slim">

  <leader>00885nam a22002417a 4500</leader>
  <controlfield tag="003">SEM</controlfield>
  <controlfield tag="005">20260623122109.0</controlfield>
  <controlfield tag="008">260623s1984    ai ||||gr||||||01|||arm|d</controlfield>
  <datafield tag="040" ind1=" " ind2=" ">
    <subfield code="a">SEM</subfield>
    <subfield code="c">SEM</subfield>
  </datafield>
  <datafield tag="041" ind1=" " ind2=" ">
    <subfield code="a">arm</subfield>
  </datafield>
  <datafield tag="080" ind1=" " ind2=" ">
    <subfield code="a">891.981-8/&#x531;-15</subfield>
  </datafield>
  <datafield tag="100" ind1=" " ind2=" ">
    <subfield code="a">&#x531;&#x562;&#x578;&#x57E;&#x575;&#x561;&#x576;, &#x53D;&#x561;&#x579;&#x561;&#x57F;&#x578;&#x582;&#x580;</subfield>
  </datafield>
  <datafield tag="245" ind1=" " ind2=" ">
    <subfield code="a">&#x535;&#x580;&#x56F;&#x565;&#x580; /</subfield>
    <subfield code="c">&#x53D;. &#x531;&#x562;&#x578;&#x57E;&#x575;&#x561;&#x576; ; &#x53F;&#x561;&#x566;&#x574;.&#x55D; &#x540;. &#x556;&#x565;&#x56C;&#x56B;&#x584;&#x575;&#x561;&#x576; ; &#x531;&#x57C;&#x561;&#x57B;&#x561;&#x562;., &#x56E;&#x561;&#x576;&#x578;&#x569;&#x561;&#x563;&#x580;.&#x55D; &#x54A;. &#x540;&#x561;&#x56F;&#x578;&#x562;&#x575;&#x561;&#x576;</subfield>
  </datafield>
  <datafield tag="260" ind1=" " ind2=" ">
    <subfield code="a">&#x535;&#x580;&#x587;&#x561;&#x576; :</subfield>
    <subfield code="b">&#x54D;&#x578;&#x57E;&#x565;&#x57F;. &#x563;&#x580;&#x578;&#x572;,</subfield>
    <subfield code="c">1984.</subfield>
  </datafield>
  <datafield tag="300" ind1=" " ind2=" ">
    <subfield code="a">XXIV+720 &#x567;&#x57B; ;</subfield>
    <subfield code="c">21 &#x57D;&#x574;</subfield>
  </datafield>
  <datafield tag="490" ind1=" " ind2=" ">
    <subfield code="a">&#x540;&#x561;&#x575; &#x564;&#x561;&#x57D;&#x561;&#x56F;&#x561;&#x576;&#x56B; &#x563;&#x580;&#x561;&#x564;&#x561;&#x580;&#x561;&#x576;</subfield>
  </datafield>
  <datafield tag="650" ind1=" " ind2=" ">
    <subfield code="a">&#x540;&#x561;&#x575; &#x563;&#x580;&#x561;&#x56F;&#x561;&#x576;&#x578;&#x582;&#x569;&#x575;&#x578;&#x582;&#x576;</subfield>
    <subfield code="x">&#x565;&#x580;&#x56F;&#x565;&#x580;</subfield>
  </datafield>
  <datafield tag="653" ind1=" " ind2=" ">
    <subfield code="a">&#x54D;&#x537;&#x544;</subfield>
  </datafield>
  <datafield tag="700" ind1=" " ind2=" ">
    <subfield code="a">&#x556;&#x565;&#x56C;&#x56B;&#x584;&#x575;&#x561;&#x576;, &#x540;.</subfield>
    <subfield code="e">&#x56F;&#x561;&#x566;&#x574;.</subfield>
    <subfield code="4">comp.</subfield>
  </datafield>
  <datafield tag="700" ind1=" " ind2=" ">
    <subfield code="a">&#x540;&#x561;&#x56F;&#x578;&#x562;&#x575;&#x561;&#x576;, &#x54A;.</subfield>
    <subfield code="e">&#x561;&#x57C;&#x561;&#x57B;&#x561;&#x562;.</subfield>
    <subfield code="e">&#x56E;&#x561;&#x576;&#x578;&#x569;&#x561;&#x563;&#x580;.</subfield>
    <subfield code="4">pref.</subfield>
    <subfield code="4">cmm.</subfield>
  </datafield>
  <datafield tag="830" ind1=" " ind2=" ">
    <subfield code="a">&#x540;&#x561;&#x575; &#x564;&#x561;&#x57D;&#x561;&#x56F;&#x561;&#x576;&#x56B; &#x563;&#x580;&#x561;&#x564;&#x561;&#x580;&#x561;&#x576;</subfield>
  </datafield>
  <datafield tag="942" ind1=" " ind2=" ">
    <subfield code="2">udc</subfield>
    <subfield code="c">BK</subfield>
  </datafield>
  <datafield tag="999" ind1=" " ind2=" ">
    <subfield code="c">45717</subfield>
    <subfield code="d">45717</subfield>
  </datafield>
  <datafield tag="952" ind1=" " ind2=" ">
    <subfield code="0">0</subfield>
    <subfield code="1">0</subfield>
    <subfield code="2">udc</subfield>
    <subfield code="4">0</subfield>
    <subfield code="7">0</subfield>
    <subfield code="8">&#x533;&#x580;&#x561;&#x57A;&#x561;&#x570;&#x578;&#x581;</subfield>
    <subfield code="a">SEM</subfield>
    <subfield code="b">SEM</subfield>
    <subfield code="d">2026-06-23</subfield>
    <subfield code="g">3000.00</subfield>
    <subfield code="i">4899</subfield>
    <subfield code="l">0</subfield>
    <subfield code="o">891.981-8/&#x531;-15</subfield>
    <subfield code="p">4899</subfield>
    <subfield code="r">2014-11-16</subfield>
    <subfield code="w">2014-11-16</subfield>
    <subfield code="y">BK</subfield>
    <subfield code="z">&#x54D;&#x57A;&#x561;&#x57D;&#x561;&#x580;&#x56F;&#x57E;&#x578;&#x582;&#x574; &#x567; &#x568;&#x576;&#x569;&#x565;&#x580;&#x581;&#x561;&#x57D;&#x580;&#x561;&#x570;</subfield>
  </datafield>
  <datafield tag="952" ind1=" " ind2=" ">
    <subfield code="0">0</subfield>
    <subfield code="1">0</subfield>
    <subfield code="2">udc</subfield>
    <subfield code="4">0</subfield>
    <subfield code="7">0</subfield>
    <subfield code="8">&#x533;&#x580;&#x561;&#x57A;&#x561;&#x570;&#x578;&#x581;</subfield>
    <subfield code="a">SEM</subfield>
    <subfield code="b">SEM</subfield>
    <subfield code="d">2026-06-23</subfield>
    <subfield code="g">3000.00</subfield>
    <subfield code="i">4915</subfield>
    <subfield code="l">0</subfield>
    <subfield code="o">891.981-8/&#x531;-15</subfield>
    <subfield code="p">4915</subfield>
    <subfield code="r">2014-11-16</subfield>
    <subfield code="w">2014-11-16</subfield>
    <subfield code="y">BK</subfield>
    <subfield code="z">&#x54D;&#x57A;&#x561;&#x57D;&#x561;&#x580;&#x56F;&#x57E;&#x578;&#x582;&#x574; &#x567; 30 &#x585;&#x580;</subfield>
  </datafield>
  <datafield tag="952" ind1=" " ind2=" ">
    <subfield code="0">0</subfield>
    <subfield code="1">0</subfield>
    <subfield code="2">udc</subfield>
    <subfield code="4">0</subfield>
    <subfield code="7">0</subfield>
    <subfield code="8">&#x533;&#x580;&#x561;&#x57A;&#x561;&#x570;&#x578;&#x581;</subfield>
    <subfield code="a">SEM</subfield>
    <subfield code="b">SEM</subfield>
    <subfield code="d">2026-06-23</subfield>
    <subfield code="g">2000.00</subfield>
    <subfield code="i">37516</subfield>
    <subfield code="l">0</subfield>
    <subfield code="o">891.981-8/&#x531;-15</subfield>
    <subfield code="p">37516</subfield>
    <subfield code="r">2014-11-16</subfield>
    <subfield code="w">2014-11-16</subfield>
    <subfield code="y">BK</subfield>
    <subfield code="z">&#x54D;&#x57A;&#x561;&#x57D;&#x561;&#x580;&#x56F;&#x57E;&#x578;&#x582;&#x574; &#x567; 30 &#x585;&#x580;</subfield>
  </datafield>
</record>
